<?xml version="1.0" encoding="UTF-8"?>
<collection xmlns="http://www.loc.gov/MARC21/slim">
 <record>
  <leader>07456cam a2200865   4500</leader>
  <controlfield tag="001">64591925X</controlfield>
  <controlfield tag="003">DE-627</controlfield>
  <controlfield tag="005">20240311183313.0</controlfield>
  <controlfield tag="007">tu</controlfield>
  <controlfield tag="008">110208s2011    fr ||||| m    00| ||fre c</controlfield>
  <datafield tag="010" ind1=" " ind2=" ">
   <subfield code="a">  2011492781</subfield>
  </datafield>
  <datafield tag="020" ind1=" " ind2=" ">
   <subfield code="a">9782903239459</subfield>
   <subfield code="9">978-2-903239-45-9</subfield>
  </datafield>
  <datafield tag="024" ind1="3" ind2=" ">
   <subfield code="a">9782903239459</subfield>
  </datafield>
  <datafield tag="035" ind1=" " ind2=" ">
   <subfield code="a">(DE-627)64591925X</subfield>
  </datafield>
  <datafield tag="035" ind1=" " ind2=" ">
   <subfield code="a">(DE-576)339696281</subfield>
  </datafield>
  <datafield tag="035" ind1=" " ind2=" ">
   <subfield code="a">(DE-599)GBV64591925X</subfield>
  </datafield>
  <datafield tag="035" ind1=" " ind2=" ">
   <subfield code="a">(OCoLC)732315430</subfield>
  </datafield>
  <datafield tag="035" ind1=" " ind2=" ">
   <subfield code="a">(OCoLC)984922142</subfield>
  </datafield>
  <datafield tag="040" ind1=" " ind2=" ">
   <subfield code="a">DE-627</subfield>
   <subfield code="b">ger</subfield>
   <subfield code="c">DE-627</subfield>
   <subfield code="e">rakwb</subfield>
  </datafield>
  <datafield tag="041" ind1=" " ind2=" ">
   <subfield code="a">fre</subfield>
  </datafield>
  <datafield tag="044" ind1=" " ind2=" ">
   <subfield code="c">XA-FR</subfield>
  </datafield>
  <datafield tag="050" ind1=" " ind2="0">
   <subfield code="a">NC248.C57</subfield>
  </datafield>
  <datafield tag="082" ind1="0" ind2=" ">
   <subfield code="a">741.944</subfield>
   <subfield code="q">LOC</subfield>
  </datafield>
  <datafield tag="084" ind1=" " ind2=" ">
   <subfield code="a">9,10</subfield>
   <subfield code="2">ssgn</subfield>
  </datafield>
  <datafield tag="084" ind1=" " ind2=" ">
   <subfield code="a">LM 83530</subfield>
   <subfield code="q">DE-24/20sred</subfield>
   <subfield code="2">rvk</subfield>
   <subfield code="0">(DE-625)rvk/101494:</subfield>
  </datafield>
  <datafield tag="084" ind1=" " ind2=" ">
   <subfield code="a">21.22</subfield>
   <subfield code="2">bkl</subfield>
  </datafield>
  <datafield tag="084" ind1=" " ind2=" ">
   <subfield code="a">20.24</subfield>
   <subfield code="2">bkl</subfield>
  </datafield>
  <datafield tag="084" ind1=" " ind2=" ">
   <subfield code="a">15.65</subfield>
   <subfield code="2">bkl</subfield>
  </datafield>
  <datafield tag="100" ind1="1" ind2=" ">
   <subfield code="a">Zvereva, Alexandra</subfield>
   <subfield code="0">(DE-588)1013724747</subfield>
   <subfield code="0">(DE-627)705088359</subfield>
   <subfield code="0">(DE-576)347629326</subfield>
   <subfield code="4">aut</subfield>
  </datafield>
  <datafield tag="245" ind1="1" ind2="0">
   <subfield code="a">Portraits dessinés de la cour des Valois</subfield>
   <subfield code="b">les Clouet de Catherine de Médicis</subfield>
   <subfield code="c">Alexandra Zvereva. Préf. par Denis Crouzet</subfield>
  </datafield>
  <datafield tag="246" ind1="3" ind2="3">
   <subfield code="a">La collection de portraits au crayon de Catherine de Médicis</subfield>
  </datafield>
  <datafield tag="264" ind1=" " ind2="1">
   <subfield code="a">Paris</subfield>
   <subfield code="b">Arthena</subfield>
   <subfield code="c">2011</subfield>
  </datafield>
  <datafield tag="300" ind1=" " ind2=" ">
   <subfield code="a">461 S.</subfield>
   <subfield code="b">zahlr. Ill.</subfield>
   <subfield code="c">33 cm</subfield>
  </datafield>
  <datafield tag="336" ind1=" " ind2=" ">
   <subfield code="a">Text</subfield>
   <subfield code="b">txt</subfield>
   <subfield code="2">rdacontent</subfield>
  </datafield>
  <datafield tag="337" ind1=" " ind2=" ">
   <subfield code="a">ohne Hilfsmittel zu benutzen</subfield>
   <subfield code="b">n</subfield>
   <subfield code="2">rdamedia</subfield>
  </datafield>
  <datafield tag="338" ind1=" " ind2=" ">
   <subfield code="a">Band</subfield>
   <subfield code="b">nc</subfield>
   <subfield code="2">rdacarrier</subfield>
  </datafield>
  <datafield tag="500" ind1=" " ind2=" ">
   <subfield code="a">Includes bibliographical references</subfield>
  </datafield>
  <datafield tag="502" ind1=" " ind2=" ">
   <subfield code="a">Teilw. zugl.: Paris, Univ. 4, Diss., 2005 u.d.T.: La collection de portraits au crayon de Catherine de Médicis</subfield>
  </datafield>
  <datafield tag="505" ind1="8" ind2="0">
   <subfield code="a">1.Les débuts du portrait dessiné. Croions qui n'est que demy couleurs -- L'effigie royale -- L'oeuf ou la poule: le portrait dessiné et le portrait aulique -- Nostre second Zeusis ou Appelles en paincture, maistre Jehan Perréal -- 2.François Ier et Jean Clouet Le tien Janet -- Le Temple des muses du roi François et la question des tableaux français -- Le roy t'aregarde : François IeC peint par Clouet -- Jehannet Clouet, maître peintre -- Clouet au service ordinaire du roi de France -- 3.François Ier commanditaire de portraits. Devis et ordonnance -- Les nobles capitaines du second César -- Le portrait de cour -- Toutes sortes de grands personnages : le désastre de Pavie et les recueils de crayons -- Le retour du roi et le renouveau du portrait dessiné -- Des creons, qui estoient au Cabinet du grand Roy. François, premier du nom -- 4.Catherine de Médicis et l'art du portrait. Ceste reyne faicte de la main de ce grand roy françois -- Verdeggia un ramo sol con poca foglia : l'héritière des Médicis -- Henri II à l'épreuve des portraits -- Belle compagnie de princesses, dames et demoyselles de telle honesteté, grâce et beauté : la reine et les portraits de ses dames -- Germain Le Mannier, portraitiste des enfants de France -- Des ouvriers dessus tous excelens et parfaits les peintres de la reine mère -- Les portraictz et pourtraictures dans les demeures de Catherine de Médicis -- 5.Les portraits dessinés de la reine Catherine Il suffist que ce soit en créon -- Le plus excellent ouvrier de son temps : François Clouet -- Dor' en avant tu seras nostre Apelle, Divin Janet -- Composer une collection -- Conserver, annoter et organiser -- Faire chérir la vertu et détester le mal : la fonction d'une collection -- Les dernières acquisitions de la reine mère et l'arrêt de sa collection -- 6.La collection de Catherine à travers les siècles Una cassetta quadra -- Ignazio Enrico Hugford, les faux dessins d'Holbein et les vrais crayons des Clouet -- Les gentlemen-collectionneurs -- Henri d'Orléans, duc d'Aumale, et les Clouet de Chantilly -- A la recherche des dessins dispersés</subfield>
  </datafield>
  <datafield tag="520" ind1=" " ind2=" ">
   <subfield code="a">Les portraits dessinés de la Renaissance française fascinent toujours, qu'on les nomme &quot;Portraits au crayon&quot;, &quot;Portraits aux deux crayons&quot;, tout simplement &quot;crayons&quot; ou bien &quot;Clouets&quot;, du nom de Jean et François Clouet, artistes qui semblent résumer à eux seuls cet art subtil et merveilleux. Le spectateur d'aujourd'hui est surpris par leur sobriété et la rigidité des poses, mais il est surtout saisi par l'incroyable présence de ces gentilshommes et de ces dames d'un autre âge, subjugué par l'intensité de leurs visages sereins et la force de leurs regards. La passion de Catherine de Médicis pour ce genre typiquement français qu'étaient les crayons l'amena à réunir une collection remarquable de portraits dessinés des deux Clouet, la plus belle et la plus complète qui ait jamais existé, à présent reconstituée et cataloguée. Cet ouvrage permet de retracer les carrières et les biographies des artistes, reconsidérer leur oeuvre, revoir l'attribution, l'identification et la date de chaque portrait replacé ainsi dans le contexte de sa réalisation</subfield>
  </datafield>
  <datafield tag="583" ind1="1" ind2=" ">
   <subfield code="a">Archivierung/Langzeitarchivierung gewährleistet</subfield>
   <subfield code="f">SSG</subfield>
   <subfield code="x">XA-DE-BW</subfield>
   <subfield code="2">pdager</subfield>
   <subfield code="5">DE-16</subfield>
  </datafield>
  <datafield tag="600" ind1="1" ind2="0">
   <subfield code="a">Clouet, Jean</subfield>
   <subfield code="d">-1541</subfield>
   <subfield code="v">Catalogs</subfield>
  </datafield>
  <datafield tag="600" ind1="1" ind2="0">
   <subfield code="a">Clouet, François</subfield>
   <subfield code="d">-1572</subfield>
   <subfield code="v">Catalogs</subfield>
  </datafield>
  <datafield tag="600" ind1="1" ind2="0">
   <subfield code="a">Catherine de Médicis</subfield>
   <subfield code="c">Queen, consort of Henry II, King of France</subfield>
   <subfield code="d">1519-1589</subfield>
   <subfield code="x">Art collections</subfield>
   <subfield code="v">Catalogs</subfield>
  </datafield>
  <datafield tag="650" ind1=" " ind2="0">
   <subfield code="a">Crayon drawing</subfield>
   <subfield code="y">16th century</subfield>
   <subfield code="v">Catalogs</subfield>
  </datafield>
  <datafield tag="650" ind1=" " ind2="0">
   <subfield code="a">Portrait drawing, French</subfield>
   <subfield code="y">16th century</subfield>
   <subfield code="v">Catalogs</subfield>
  </datafield>
  <datafield tag="655" ind1=" " ind2="7">
   <subfield code="a">Hochschulschrift</subfield>
   <subfield code="0">(DE-588)4113937-9</subfield>
   <subfield code="0">(DE-627)105825778</subfield>
   <subfield code="0">(DE-576)209480580</subfield>
   <subfield code="2">gnd-content</subfield>
  </datafield>
  <datafield tag="689" ind1="0" ind2="0">
   <subfield code="d">p</subfield>
   <subfield code="0">(DE-588)118560557</subfield>
   <subfield code="0">(DE-627)079357377</subfield>
   <subfield code="0">(DE-576)20898495X</subfield>
   <subfield code="a">Katharina</subfield>
   <subfield code="c">Frankreich, Königin</subfield>
   <subfield code="d">1519-1589</subfield>
   <subfield code="2">gnd</subfield>
  </datafield>
  <datafield tag="689" ind1="0" ind2="1">
   <subfield code="d">s</subfield>
   <subfield code="0">(DE-588)4128844-0</subfield>
   <subfield code="0">(DE-627)105714259</subfield>
   <subfield code="0">(DE-576)209605545</subfield>
   <subfield code="a">Sammlung</subfield>
   <subfield code="2">gnd</subfield>
  </datafield>
  <datafield tag="689" ind1="0" ind2="2">
   <subfield code="d">p</subfield>
   <subfield code="0">(DE-588)121159175</subfield>
   <subfield code="0">(DE-627)081124139</subfield>
   <subfield code="0">(DE-576)167776398</subfield>
   <subfield code="a">Clouet, François</subfield>
   <subfield code="d">1520-1572</subfield>
   <subfield code="2">gnd</subfield>
  </datafield>
  <datafield tag="689" ind1="0" ind2="3">
   <subfield code="d">p</subfield>
   <subfield code="0">(DE-588)118669575</subfield>
   <subfield code="0">(DE-627)079453651</subfield>
   <subfield code="0">(DE-576)209264225</subfield>
   <subfield code="a">Clouet, Jean</subfield>
   <subfield code="d">1480-1541</subfield>
   <subfield code="2">gnd</subfield>
  </datafield>
  <datafield tag="689" ind1="0" ind2="4">
   <subfield code="d">s</subfield>
   <subfield code="0">(DE-588)4006627-7</subfield>
   <subfield code="0">(DE-627)106376888</subfield>
   <subfield code="0">(DE-576)208866353</subfield>
   <subfield code="a">Bildnis</subfield>
   <subfield code="2">gnd</subfield>
  </datafield>
  <datafield tag="689" ind1="0" ind2="5">
   <subfield code="d">s</subfield>
   <subfield code="0">(DE-588)4127900-1</subfield>
   <subfield code="0">(DE-627)104725044</subfield>
   <subfield code="0">(DE-576)209597518</subfield>
   <subfield code="a">Zeichnung</subfield>
   <subfield code="2">gnd</subfield>
  </datafield>
  <datafield tag="689" ind1="0" ind2="6">
   <subfield code="d">s</subfield>
   <subfield code="0">(DE-588)4159648-1</subfield>
   <subfield code="0">(DE-627)10548377X</subfield>
   <subfield code="0">(DE-576)209851902</subfield>
   <subfield code="a">Herrscherbild</subfield>
   <subfield code="2">gnd</subfield>
  </datafield>
  <datafield tag="689" ind1="0" ind2=" ">
   <subfield code="5">(DE-627)</subfield>
  </datafield>
  <datafield tag="700" ind1="1" ind2=" ">
   <subfield code="a">Crouzet, Denis</subfield>
   <subfield code="d">1953-</subfield>
   <subfield code="0">(DE-588)131980149</subfield>
   <subfield code="0">(DE-627)516332740</subfield>
   <subfield code="0">(DE-576)166990043</subfield>
   <subfield code="4">oth</subfield>
  </datafield>
  <datafield tag="700" ind1="0" ind2=" ">
   <subfield code="a">Katharina</subfield>
   <subfield code="c">Frankreich, Königin</subfield>
   <subfield code="d">1519-1589</subfield>
   <subfield code="0">(DE-588)118560557</subfield>
   <subfield code="0">(DE-627)079357377</subfield>
   <subfield code="0">(DE-576)20898495X</subfield>
   <subfield code="4">oth</subfield>
  </datafield>
  <datafield tag="751" ind1=" " ind2=" ">
   <subfield code="a">Paris</subfield>
   <subfield code="0">(DE-588)4044660-8</subfield>
   <subfield code="0">(DE-627)106204734</subfield>
   <subfield code="0">(DE-576)209061790</subfield>
   <subfield code="4">uvp</subfield>
  </datafield>
  <datafield tag="787" ind1="0" ind2="8">
   <subfield code="i">Rezension</subfield>
   <subfield code="a">Bordes, Philippe, 1949 - </subfield>
   <subfield code="t">Un droit au portrait?</subfield>
   <subfield code="d">2015</subfield>
   <subfield code="w">(DE-627)1751179664</subfield>
  </datafield>
  <datafield tag="856" ind1="4" ind2="2">
   <subfield code="u">https://swbplus.bsz-bw.de/bsz339696281inh.htm</subfield>
   <subfield code="m">B:DE-576;DE-16</subfield>
   <subfield code="q">application/pdf</subfield>
   <subfield code="v">20110614151007</subfield>
   <subfield code="x">Verlag</subfield>
   <subfield code="3">Inhaltsverzeichnis</subfield>
  </datafield>
  <datafield tag="935" ind1=" " ind2=" ">
   <subfield code="i">Blocktest</subfield>
  </datafield>
  <datafield tag="936" ind1="r" ind2="v">
   <subfield code="a">LM 83530</subfield>
   <subfield code="b">Porträt</subfield>
   <subfield code="k">Kunstgeschichte</subfield>
   <subfield code="k">Kunst nach Ländern bzw. Kontinenten</subfield>
   <subfield code="k">Frankreich</subfield>
   <subfield code="k">Französische Kunstgeschichte nach Gattungen</subfield>
   <subfield code="k">Malerei</subfield>
   <subfield code="k">Gegenstände (Darstellungen nichtikonographischen Charakters)</subfield>
   <subfield code="k">Porträt</subfield>
   <subfield code="0">(DE-627)1271138387</subfield>
   <subfield code="0">(DE-625)rvk/101494:</subfield>
   <subfield code="0">(DE-576)201138387</subfield>
  </datafield>
  <datafield tag="936" ind1="b" ind2="k">
   <subfield code="a">21.22</subfield>
   <subfield code="j">Geschichte der Zeichnung</subfield>
   <subfield code="x">Kunst</subfield>
   <subfield code="0">(DE-627)106406051</subfield>
  </datafield>
  <datafield tag="936" ind1="b" ind2="k">
   <subfield code="a">20.24</subfield>
   <subfield code="j">Gesellschaft</subfield>
   <subfield code="j">Kultur</subfield>
   <subfield code="x">Ikonographie</subfield>
   <subfield code="0">(DE-627)106423622</subfield>
  </datafield>
  <datafield tag="936" ind1="b" ind2="k">
   <subfield code="a">15.65</subfield>
   <subfield code="j">Frankreich</subfield>
   <subfield code="x">Geschichte</subfield>
   <subfield code="0">(DE-627)181571641</subfield>
  </datafield>
  <datafield tag="951" ind1=" " ind2=" ">
   <subfield code="a">BO</subfield>
  </datafield>
  <datafield tag="990" ind1=" " ind2=" ">
   <subfield code="a">Katharina &lt;Frankreich, Königin&gt; </subfield>
  </datafield>
  <datafield tag="990" ind1=" " ind2=" ">
   <subfield code="a">Sammlung</subfield>
  </datafield>
  <datafield tag="990" ind1=" " ind2=" ">
   <subfield code="a">Clouet, François</subfield>
  </datafield>
  <datafield tag="990" ind1=" " ind2=" ">
   <subfield code="a">Clouet, Jean</subfield>
  </datafield>
  <datafield tag="990" ind1=" " ind2=" ">
   <subfield code="a">Bildnis</subfield>
  </datafield>
  <datafield tag="990" ind1=" " ind2=" ">
   <subfield code="a">Zeichnung</subfield>
  </datafield>
  <datafield tag="990" ind1=" " ind2=" ">
   <subfield code="a">Herrscherbild</subfield>
  </datafield>
  <datafield tag="991" ind1=" " ind2=" ">
   <subfield code="a">Rezensiertes Werk</subfield>
  </datafield>
  <datafield tag="999" ind1=" " ind2=" ">
   <subfield code="a">KXP-PPN64591925X</subfield>
   <subfield code="e">4050062151</subfield>
  </datafield>
 </record>
</collection>
